000 02490cam a2200289 i 4500
003 SA-RiAUC
005 20250125055738.0
008 250121s1986 le g f000 0 ara c
024 0 _a00000000734933
040 _aSA-JeALM
_bara
_cSA-RiAUC
_erda
043 _aar-----
082 0 4 _a953.001
_qSA-RiAUC
090 _a953.001
_bن ب هـ
100 1 _aالنبهاني، محمد بن خليفة بن حمد،
_d1884-1950
_eمؤلف.
245 1 2 _aالتحفة النبهانية في تاريخ الجزيرة العربية /
_cتأليف العلامة الشيخ محمد ابن الشيخ خليفة بن حمد ابن موسى النبهاني الطائي.
250 _aالطبعة الأولى.
264 1 _aبيروت :
_aالبحرين :
_bدار إحياء العلوم ؛
_bالمكتبة الوطنية،
_c1986.
300 _a488 صفحة ؛
_c24 × 17 سم
336 _aنص
_btxt
_2rdacontent
_3كتاب
337 _aبدون وسيط
_bn
_2rdamedia
338 _aمجلد
_bnc
_2rdacarrier
520 _aظل جانب مهم من تاريخ إمارات في جزيرة العرب، غير مطروق حتى ارتأى مؤلف هذا الكتاب أن يضع مؤلفه الذي يحوي مجمل تاريخها القديم ومفصل تاريخها الحديث، وهو في كل هذا مدفوع برغبة ملحة في الكشف عن جانب طالما أهمله المؤرخون. فاستنطق مبعثر الأوراق كما يقول، والدفاتر ليقف على صحيح الرواية ويحيط بأغلب الوقائع والحوادث. فعمد إلى السجلات المحفوظة في دار الأسفار وطلب ما لدى العلماء وعلية القوم من المأثور فمدوه بوافر من المعلومات والوثائق وأخبروه جملة من الحوادث التاريخية المهمة. وقد تمكن في هذا الكتاب من الوقوف على أحوال البلاد التي درسها، وعرض لشؤون أهلها وعوائدهم ما يعطي صورة مفصلة حقيقية عما كانت عليهم أمور دنياهم وفي الكتاب وصف لطبيعة الجزيرة العربية وبيئتها وأحوال أهلها ومعاشهم، ومآثرهم.
651 7 _aشبه الجزيرة العربية
_xتاريخ
_2aucsh
651 7 _aشبه الجزيرة العربية
_xحضارة
_2aucsh
942 _2ddc
_cBOOK
_n0
949 _aSA-JeALM
_d250121
_uosman123
_n1
999 _c5161
_d5161